Didáctica de la expresión oral

Saved in:
Bibliografiske detaljer
Hovedforfatter: Rodríguez Lobato, Oliva (Author)
Format: Bog
Sprog:spansk
Udgivet: Ciudad de México Porrúa 1971
Fag:
Tags: Tilføj Tag
Ingen Tags, Vær først til at tagge denne postø!

MARC

LEADER 00000nam a2200000 a 4500
001 UCS9059
003 CL-VaPUC
008 971113e19710000MX |||||||||||||||||spa|d
082 0 4 |a 372.622  |b ROD  |2 21 
100 0 |a Rodríguez Lobato, Oliva  |e author  |9 394030 
245 1 0 |a Didáctica de la expresión oral 
300 |a 104 p 
942 |c BK 
945 |d 19971113 00:00:00  |a jquezada 
260 |a Ciudad de México  |b Porrúa  |c 1971 
650 0 |a Educación  |9 258661 
650 0 |a Lingüística  |9 265068 
650 0 |a Español  |9 255372 
650 7 |a FINES PEDAGOGICOS  |2 CL-VaPUC  |9 394031 
650 0 |a Métodos de enseñanza  |9 270413 
650 0 |a Evaluación de la educación   |9 237505 
650 0 |a Expresión oral  |9 334815 
583 |a last modification  |c 19971113 00:00:00  |k Rodrigo Vera 
999 |c 263118  |d 263116 
952 |0 0  |1 0  |4 0  |6 372_622000000000000_ROD_1971  |7 0  |8 A  |9 292213  |a BIBEDU  |b BIBEDU  |c ES_NOD  |d 2019-11-19  |i 3363449  |o 372.622 ROD 1971  |p 3363449  |r 2023-08-09  |w 2019-11-19  |y BK  |k LIT